[Event "Østlandsserien 2017/2018, 3. div. A"]
[Site "Lillestrøm, Akershus NOR"]
[Date "2017.12.03"]
[Round "2"]
[White "Lange, Holger"]
[Black "Pronstad, Thomas"]
[Result "0-1"]
[WhiteElo "1586"]
[BlackElo "1973"]
[PlyCount "96"]
[EventDate "2017.11.05"]
[Board "1"]
[WhiteTeam "Follo 1"]
[BlackTeam "Lillestrøm"]

1. e4 d5 2. exd5 Qxd5 3. Nc3 Qd8 4. d4 Nf6 5. Nf3 Bg4 6. Be2 e6 7. O-O c6 8.
Bg5 Be7 9. h3 Bh5 10. Ne5 Bxe2 11. Nxe2 Nbd7 12. Nc4 O-O 13. Qd3 Nd5 14. Bxe7
Qxe7 15. c3 Rfd8 16. Rfe1 Rac8 17. Qg3 N7f6 18. Nf4 c5 19. Nxd5 Nxd5 20. dxc5
Qxc5 21. Ne5 Qb6 22. Rab1 Nf6 23. Nf3 Rd5 24. Nd4 h6 25. Qe3 Rcd8 26. Qe2 a6
27. Rbd1 Qd6 28. Rb1 b5 29. Nb3 Nh5 30. g3 Rg5 31. Rbd1 Nxg3 32. Qf3 Nf5+ 33.
Kf1 Qc7 34. Rxd8+ Qxd8 35. Rd1 Qc7 36. Qd3 Qh2 37. Ke2 Ng3+ 38. Kd2 Rd5 39. Nd4
Qxf2+ 40. Kc1 e5 41. Qf3 Qxf3 42. Nxf3 Rxd1+ 43. Kxd1 e4 44. Nd4 f5 45. Ne6 Kf7
46. Nc7 f4 47. Nxa6 f3 48. Ke1 e3 0-1

[Event "Østlandsserien 2017/2018, 3. div. A"]
[Site "Lillestrøm, Akershus NOR"]
[Date "2017.12.03"]
[Round "2"]
[White "Kvam, Audun"]
[Black "Moberg, Jan Rune"]
[Result "1-0"]
[WhiteElo "1912"]
[BlackElo "1520"]
[PlyCount "137"]
[EventDate "2017.11.05"]
[Board "2"]
[WhiteTeam "Lillestrøm"]
[BlackTeam "Follo 1"]

1. e4 d6 2. Nc3 Nf6 3. d4 Nbd7 4. Nf3 e5 5. Bc4 Be7 6. O-O c6 7. a4 a5 8. Re1
h6 9. Bb3 Nh7 10. dxe5 dxe5 11. Be3 Qc7 12. Qe2 Ndf8 13. Nd2 g5 14. Qh5 Ng6 15.
Qxh6 Nhf8 16. Qg7 Rh7 17. Bxf7+ Kd8 18. Qxh7 Nxh7 19. Bxg6 Nf8 20. Nc4 Ra6 21.
Rad1+ Bd7 22. Bf7 Kc8 23. Rd3 Be6 24. Bxe6+ Nxe6 25. Red1 Nf8 26. Nd6+ Bxd6 27.
Rxd6 Qg7 28. Bc5 Kc7 29. R6d2 Ra8 30. Bd6+ Kb6 31. b4 Ne6 32. b5 Nd4 33. Bxe5
Nf3+ 34. gxf3 Qxe5 35. Ne2 Rg8 36. bxc6 bxc6 37. Rb1+ Kc7 38. c4 g4 39. fxg4
Qxe4 40. Rc1 Qxg4+ 41. Ng3 Rh8 42. c5 Qh4 43. Rcd1 Qxh2+ 44. Kf1 Qh4 45. Rd7+
Kc8 46. Rg7 Qxa4 47. Rdd7 Qb5+ 48. Kg2 Qxc5 49. Ne4 Qb4 50. Nd6+ Kb8 51. Rb7+
Qxb7 52. Nxb7 Rh5 53. Nd6 a4 54. Nc4 Rc5 55. Na3 Rc3 56. Rg3 Rb3 57. f4 Kc7 58.
Nc4 c5 59. f5 Kd7 60. Rxb3 axb3 61. Kf3 Ke7 62. Kf4 Kf6 63. Nb2 Kf7 64. Ke5 Ke7
65. f6+ Kf7 66. Nc4 Kf8 67. Ke6 Ke8 68. f7+ Kf8 69. Ne5 1-0

[Event "Østlandsserien 2017/2018, 3. div. A"]
[Site "Lillestrøm, Akershus NOR"]
[Date "2017.12.03"]
[Round "2"]
[White "Kielland-Lund, Jon"]
[Black "Barton, Zdenek"]
[Result "1/2-1/2"]
[WhiteElo "1502"]
[BlackElo "1600"]
[PlyCount "56"]
[EventDate "2017.11.05"]
[Board "3"]
[WhiteTeam "Follo 1"]
[BlackTeam "Lillestrøm"]

1. c4 c5 2. Nf3 Nc6 3. d4 cxd4 4. Nxd4 Nf6 5. Nc3 e6 6. Ndb5 d6 7. Bf4 e5 8.
Bg5 Be6 9. Bxf6 gxf6 10. Nd5 Bxd5 11. Qxd5 Qd7 12. e3 O-O-O 13. O-O-O Kb8 14.
c5 Ne7 15. Qxd6+ Qxd6 16. Nxd6 Nc6 17. Bc4 Bxd6 18. cxd6 Rd7 19. Rd2 a6 20. a3
Na7 21. Kb1 Rhd8 22. Rhd1 Nc8 23. g4 Rxd6 24. Rxd6 Rxd6 25. Rxd6 Nxd6 26. Bd5
Kc7 27. Kc2 b6 28. Kd3 Kd7 1/2-1/2

[Event "Østlandsserien 2017/2018, 3. div. B"]
[Site "Hønefoss, Buskerud NOR"]
[Date "2017.12.03"]
[Round "2"]
[White "Furnes, Torstein"]
[Black "Johansen, Kolbjørn-Albin"]
[Result "1/2-1/2"]
[WhiteElo "1583"]
[BlackElo "1473"]
[Annotator "Furnes, Torstein"]
[PlyCount "40"]
[Board "1"]
[WhiteTeam "Follo 2"]
[BlackTeam "Hønefoss 2"]

1. d4 e6 2. c4 f5 3. Nc3 Nf6 4. Nf3 Be7 5. Bf4 d6 6. e3 O-O 7. Bd3 c6 8. h3 d5
9. O-O Ne4 10. Ne5 Nd7 11. Nxe4 fxe4 12. Be2 Nxe5 13. Bxe5 Bd6 14. Bxd6 Qxd6
15. c5 {Hittil i partiet har Fritz-evalueringene hatt positivt fortegn (hvit
fordel). Men etter dette trekket mener Fritz at stillingen er helt lik (0.00).
Og etter hvits neste trekk og resten av partiet mener Fritz at svart står litt
bedre.} Qe7 16. b4 e5 17. dxe5 Qxe5 18. Bg4 Bxg4 19. Qxg4 Rad8 20. a3 Rf6
1/2-1/2

[Event "Østlandsserien 2017/2018, 3. div. B"]
[Site "Hønefoss, Buskerud NOR"]
[Date "2017.12.03"]
[Round "2"]
[White "Røine, Morten"]
[Black "Lund, Petter"]
[Result "0-1"]
[WhiteElo "1470"]
[BlackElo "1493"]
[Annotator "Lea,Per"]
[PlyCount "90"]
[EventDate "2017.11.05"]
[Board "2"]
[WhiteTeam "Hønefoss 2"]
[BlackTeam "Follo 2"]

1. b3 e5 2. Bb2 Nc6 3. e3 Nf6 4. Nf3 (4. Bb5 {med motiver kjent fra spansk 
(press på bonde e5)}) ({eller} 4. c4 {er vanligere i denne åpningen, kalt både
Mini-Orangutang (1.b4=Orangutang), Larsen og Larsen-Nimzowitch}) 4... e4 5. Nd4
Nxd4 6. Bxd4 d5 7. d3 ({Som i trekk 4 er} 7. c4 {et godt alternativ}) 7... c5
8. Bb2 Bg4 {Løpertrekk til e7, d7, d6 og f5 har vært prøvd tidligere.
Partifortsettelsen har jeg funnet i 2 partier i ChessBase, med remis og tap
for svart.} ({Også} 8... exd3 {har vært prøvd tidligere, men ikke så ofte at
vi kan konkludere med at det bedre enn noen av løpertrekkene.}) 9. Be2 Bxe2 10.
Qxe2 Be7 11. O-O O-O 12. dxe4 Nxe4 13. f3 ({Nok en gang:} 13. c4 {skriker
etter å bli spilt}) 13... Bf6 $1 14. c3 {Først 1.b3 for å å en løperdiagonal,
deretter 14.c3 for å stenge den. Her er det noe som skurrer.} ({Og hva er galt
med} 14. c4 {? (Spørsmålstegnet er nettopp det, ikke en markering av et dårlig
trekk)}) 14... Ng5 15. Rd1 Ne6 16. g3 Re8 17. e4 d4 18. e5 $2 {Gir svart
anledning til en taktisk finesse, som ikke er så lett å oppdage over brettet}
Be7 ({Svart overser} 18... Bxe5 19. Qxe5 Ng5 20. Qf5 Re5 $1 21. Qd3 (21. Qxe5
$4 Nxf3+) 21... Qe7 22. Qf1 Re3 {Legg merke til de innestengte offiserene på
a1, b1 og b2!} 23. Nd2 dxc3 {og svart vinner tilbake offiseren med godt spill})
19. Rd3 ({Her var det fristende å sette opp en bondekjede med:} 19. f4) 19...
f6 20. cxd4 cxd4 21. f4 {Nå er det ikke lenger så godt} Qb6 (21... fxe5 22.
Qxe5 (22. fxe5 Bg5 23. Nd2 Be3+ 24. Kh1 Nc5 25. Rxe3 dxe3 26. Qxe3 Nd3 {og
hvits bonde for kvalitet er ikke tilstrekkelig kompensasjon}) 22... Bf6) 22.
Nd2 fxe5 23. Nc4 Qb5 24. Nxe5 Bf6 25. a4 Qa6 26. b4 Bxe5 27. b5 $2 Qb6 ({Her
hadde svart det sterke:} 27... Nxf4 28. bxa6 Nxe2+ 29. Kf1 Nc3 {med
vinststilling}) 28. Qxe5 Rad8 29. Rc1 h6 30. Qf5 a6 31. h3 Qa5 {[%emt 0:00:30]
Dette kunne med enda sterkere effekt ha kommet i trekk 29 eller} 32. Qg4 Qb4
33. Ba3 Qxa4 34. bxa6 bxa6 35. h4 Qb5 36. Qd1 Rc8 37. Rb1 Qf5 {Etter noen
skjødesløse trekk (av laglederen omtalt som "2-øres tricks") har hvit surret
seg inn i en dårligere stilling} 38. Kh2 $4 {Med remistilbud, som klokelig og
modig ble avslått i antydning til tidsnød: Stockfish kaller trekket en stygg
bukk og dommen er klar: enkel vinst for svart. Også etter andre krumspring fra
hvit står svart klart best.} Rc3 $1 39. Rxc3 dxc3 40. Rc1 Rc8 (40... Nxf4 41.
gxf4 Qxf4+ 42. Kg2 Re3 43. Qd5+ Kh7 {Truer matt} 44. Kg1 (44. Rc2 Qg3+ 45. Kh1
Re1#) 44... Rg3+ 45. Qg2 {Ellers er det matt} Qxh4 46. Kf1 Rxg2 {og alt håp er
ute}) (40... Rd8 41. Bd6 c2 42. Qxc2 Qxc2+ 43. Rxc2 Rxd6 {bør være lett vinst})
41. Qc2 $2 {Med dronningene tilbake i brikkeeskene (eller -posene) blir svarts
springer sterkere enn hvits løper: springeren går på vekselsvis hvite og
svarte felt, mens løperen bare kan dekke de svarte. At begge
forvandlingsfeltene til de svarte fribøndene er svarte, hjelper ikke hvit det
minste.} Qxc2+ 42. Rxc2 Nd4 43. Ra2 c2 44. Bc1 Nb3 45. Be3 Rc3 0-1

[Event "Østlandsserien 2017/2018, 3. div. B"]
[Site "Hønefoss, Buskerud NOR"]
[Date "2017.12.03"]
[Round "2"]
[White "Lea, Per"]
[Black "Frydenlund, Arve"]
[Result "1-0"]
[WhiteElo "1470"]
[BlackElo "1284"]
[Annotator "Lea,Per"]
[PlyCount "51"]
[EventDate "2017.11.05"]
[Board "3"]
[WhiteTeam "Follo 2"]
[BlackTeam "Hønefoss 2"]

1. e4 c5 2. Nf3 d6 3. d4 cxd4 4. Nxd4 a6 {Dette har jeg fått mot meg tidligere,
uten at jeg kan si at jeg har kommet så godt ut av det totalt} 5. c4 Nc6 (5...
Nf6 6. Nc3 e6 {er langt vanligere. Å vente for lenge med å utvikle Sg8 ble
skjebnesvangert i dette partiet}) 6. Be2 Bd7 {Her ser det ut til at vi er ute
på upløyd mark} ({Å forberede rokaden med} 6... Nf6 7. Nc3 g6 8. O-O Bg7 {er
den normale planen}) 7. Nc3 g6 8. O-O Bg7 9. Nxc6 bxc6 10. Qc2 ({Stockfish
påstår at} 10. c5 dxc5 11. Na4 Bd4 12. Be3 Bxe3 13. fxe3 {skal gi fordel for
hvit, men en slik stilling ser heslig ut for mitt (over?) sarte øye.}) 10...
Qc8 11. f4 ({Igjen påstår Stockfish at} 11. c5 dxc5 12. Na4 {er godt, og denne
gangen er jeg ikke like skeptisk. Men ved å følge det kjente rådet fra flere
sjakkpedagoger: "Spør deg hvilken av brikkene dine som lengter etter å bli
aktivisert", ville jeg trodd at det var løperen på c1 som nå sto for tur til å
få litt luft under vingene}) 11... h5 {Hverken Stockfish eller jeg syntes
dette var noe å skryte av. Hvis den hadde tenkt seg helt til h3, regnet jeg
med at alle svarts angrepsmuligheter ville bli stoppet med g3.} 12. Be3 c5 13.
Bd3 ({Stockfish's forslag} 13. h3 {vurderte jeg aldri, på grunn av mulige
offer på h3. Jeg hadde jo allere planene klare for hvordan jeg skulle stoppe
svarts forsøk på angrep. Men} Bxh3 14. gxh3 Qxh3 15. Rf3 Qg4+ 16. Kh2 Qh4+ 17.
Rh3 Qf6 {er jo bare håpløst for svart}) 13... Rb8 14. Rab1 Bd4 15. Bxd4 cxd4
16. Ne2 e5 17. b4 Ne7 {Endelig slapp den ut!} 18. f5 (18. c5 {for å
underminere de ubehagelige sentrumsbøndene var rett medisin}) 18... g5 19. f6
Ng6 20. c5 {Nå kom det, men nå er det ikke noen svart bonde på e5 som kan
trues av en bonde på f4} Bb5 {Fristende, for etter avbytte på b5 er c5-bonden
bundet.} ({Men svart burde heller forsøkt} 20... Qc6) 21. Bxb5+ axb5 22. a4 (
22. Ng3 dxc5 23. Nf5 {kunne vært skummelt: svart truer avgjørende
springergaffel på d6.}) 22... O-O 23. Ng3 {Like etter at jeg hadde gjort
trekket, angret jeg på at jeg ikke spilte tårnet til f5 i stedet} ({Men} 23.
Rf5 dxc5 24. Rxg5 Rd8 {gir nok svart ubehagelig motspill}) 23... Qc6 $4 {Taper
- selv om jeg ikke fant den beste fortsettelsen} (23... dxc5 24. Nf5 {er
forresten bare marginalt bedre}) 24. Rf5 ({Enda bedre} 24. Qd1 Rfc8 25. Qxh5
Kf8 26. axb5 Rxb5 27. Nf5 Rd8 28. Qh7 {med forsert matt i høyst 15 trekk})
24... bxa4 (24... Rfd8 25. Qe2 dxc5 26. Qxh5 Kf8 27. axb5 Rxb5 28. Rxe5 Qxf6
29. Rf5 Qg7 30. Rbf1 Rxb4 31. Rxf7+ Qxf7 32. Qxg6 Qxf1+ 33. Kxf1 {og hvit
klarer vel å matte med dronning og springer før de svarte fribøndene får gjort
noe av seg}) (24... h4 {er sannsynligvis det beste forsøket. Men nå løper
svarts klokke ganske fort...}) 25. Qe2 {Nå er svart sjanseløs} dxc5 26. Qxh5 {
Svart må ofre drøssevis med materiell for å hindre den hvite dronninga å matte
på g7 og fant det ikke verdt å spille videre.} 1-0

[Event "Østlandsserien 2017/2018, 3. div. B"]
[Site "Hønefoss, Buskerud NOR"]
[Date "2017.12.03"]
[Round "2"]
[White "Bergli, Ståle"]
[Black "Simonsen, Steinar"]
[Result "1-0"]
[WhiteElo "1260"]
[BlackElo "1208"]
[Annotator "Lea,Per"]
[PlyCount "89"]
[EventDate "2017.11.05"]
[Board "4"]
[WhiteTeam "Hønefoss 2"]
[BlackTeam "Follo 2"]

1. e4 e5 2. Bc4 Nf6 3. Nc3 Nc6 4. Nf3 h6 5. O-O Be7 6. d4 d6 7. h3 a6 8. a3 b5
9. Ba2 O-O 10. Re1 Rb8 11. Be3 b4 12. Nd5 bxa3 13. bxa3 Nxe4 14. Bxh6 Ng5 $4 (
14... Bg5) ({eller} 14... Bf5 {og svart unngår bondetap, men hvit blir
allikevel stående bedre}) 15. Nxe7+ Nxe7 16. Bxg5 Be6 17. dxe5 Bxa2 18. Rxa2
dxe5 19. Qxd8 Rfxd8 20. Bxe7 Re8 21. Bb4 f6 22. c4 Rec8 23. Rd2 c5 24. Bc3 Rb3
25. Bb2 Rcb8 26. Rb1 Rxa3 27. Bxa3 Rxb1+ 28. Kh2 a5 29. Bxc5 Rc1 30. Ra2 Rxc4
31. Rxa5 Rc2 32. Be3 Kf7 33. h4 Kg6 34. Kg3 Rc3 35. Ra7 Rb3 36. h5+ Kxh5 37.
Rxg7 e4 38. Nh4 Rxe3+ 39. fxe3 {I følge noteringsskjemaet var fortsettelsen nå:
39... Kg7 40.Tg8 (eller Tg4) f5 41.Sxf5 Kh5 42.Sxf5 (igjen!) Kg5 43.Sd6 Kh5 44.
T(uleselig tall) Kh6 45.Kf4 Kg5 46.Kf5 Kh6 47.Kf6 Kh5 48.Tg8 Kh4 49.Kf5 Oppgitt
} Kh6 40. Rg8 f5 41. Nxf5+ Kh5 42. Ng7+ Kg6 43. Ne6+ Kh5 44. Rh8+ Kg6 45. Kh4
1-0

[Event "Østlandsserien 2017/2018, 3. div. A"]
[Site "Ås, Akerhus NOR"]
[Date "2018.01.14"]
[Round "3"]
[White "Kristensen, Kjeld"]
[Black "Lange, Holger"]
[Result "1-0"]
[WhiteElo "1839"]
[BlackElo "1586"]
[PlyCount "101"]
[EventDate "2017.11.05"]
[WhiteTeam "Moss 3"]
[BlackTeam "Follo 1"]

1. d4 Nf6 2. Nf3 d5 3. g3 g6 4. Bg2 Bg7 5. c4 O-O 6. cxd5 Nxd5 7. Nc3 Nxc3 8.
bxc3 c5 9. O-O Nc6 10. Bb2 cxd4 11. cxd4 Qb6 12. Ba3 Qa5 13. Qb3 Nxd4 14. Nxd4
Bxd4 15. Bxe7 Re8 16. Rad1 Rxe7 17. Rxd4 Be6 18. Qa4 Qc5 19. Rfd1 Qc7 20. Qa3
Ree8 21. h4 Qe7 22. Qb2 Rab8 23. a3 h5 24. a4 Rec8 25. a5 Qc5 26. Qd2 Kh7 27.
Bd5 Re8 28. Bxe6 Rxe6 29. Qf4 Rf8 30. Rd7 Kg7 31. Rxb7 Rf6 32. Qd4 Qxa5 33.
Rxa7 Qf5 34. e4 Qe6 35. Rda1 Qb6 36. Qxb6 Rxb6 37. Re7 Kf6 38. Raa7 Re6 39.
Rxe6+ Kxe6 40. Kg2 Ke5 41. Kf3 Kf6 42. Kf4 Re8 43. e5+ Rxe5 44. Rxf7+ Kxf7 45.
Kxe5 Ke7 46. f4 Kf7 47. f5 Kg7 48. Ke6 gxf5 49. Kxf5 Kh6 50. Kf6 Kh7 51. Kg5
1-0

[Event "Østlandsserien 2017/2018, 3. div. A"]
[Site "Ås, Akerhus NOR"]
[Date "2018.01.14"]
[Round "3"]
[White "Furnes, Torstein"]
[Black "Dias, Ethan"]
[Result "1/2-1/2"]
[WhiteElo "1577"]
[BlackElo "1656"]
[PlyCount "63"]
[EventDate "2017.11.05"]
[WhiteTeam "Follo 1"]
[BlackTeam "Moss 3"]

1. d4 Nf6 2. c4 e6 3. Nc3 d5 4. Bg5 Be7 5. e3 h6 6. Bf4 O-O 7. Nf3 c5 8. Be2
Nc6 9. dxc5 Bxc5 10. cxd5 exd5 11. O-O a6 12. Rc1 Be7 13. Qd2 Be6 14. Rfd1 Rc8
15. Nd4 Qb6 16. Nb3 Rfd8 17. Bf3 Ne4 18. Qd3 Nxc3 19. bxc3 Bf6 20. Nd4 Ne5 21.
Bxe5 Bxe5 22. Rb1 Qc7 23. h3 Qxc3 24. Qxc3 Rxc3 25. Nxe6 fxe6 26. Rxb7 Rc7 27.
Rxc7 Bxc7 28. Rc1 Be5 29. Rc6 Rd6 30. Rxd6 Bxd6 31. Kf1 Kf7 32. Ke2 1/2-1/2

[Event "Østlandsserien 2017/2018, 3. div. A"]
[Site "Ås, Akerhus NOR"]
[Date "2018.01.14"]
[Round "3"]
[White "Crosby, David"]
[Black "Moberg, Jan Rune"]
[Result "1-0"]
[WhiteElo "1302"]
[BlackElo "1506"]
[PlyCount "88"]
[EventDate "2017.11.05"]
[WhiteTeam "Moss 3"]
[BlackTeam "Follo 1"]

1. d4 Nf6 2. c4 d6 3. Bg5 Nbd7 4. Nc3 e5 5. Nf3 c6 6. e3 Be7 7. Bd3 Qc7 8. O-O
h6 9. Bh4 Nf8 10. h3 Be6 11. Qc2 Rg8 12. Bg3 N6d7 13. Rac1 f6 14. Nh4 e4 15.
Nxe4 g5 16. Nf3 Bf7 17. c5 Qc8 18. Nxd6+ Bxd6 19. Bxd6 Ne6 20. Bc4 Ndf8 21.
Bxf8 Kxf8 22. Qe4 Qd7 23. d5 Nxc5 24. dxc6 bxc6 25. Qc2 Bg6 26. Qc3 Ne4 27.
Qa3+ Qe7 28. Qxe7+ Kxe7 29. Bxg8 Rxg8 30. Rxc6 h5 31. Rd1 Be8 32. Rc7+ Ke6 33.
Rxa7 g4 34. Nd4+ Kd5 35. Nf5+ Ke6 36. Re7+ Kxf5 37. Rd5+ Kg6 38. Rxe4 gxh3 39.
Rd8 Kf7 40. Rdxe8 Rxg2+ 41. Kf1 Rg5 42. R4e7+ Kg6 43. Rg8+ Kf5 44. Rxg5+ fxg5
1-0

[Event "Østlandsserien 2017/2018, 3. div. A"]
[Site "Ås, Akerhus NOR"]
[Date "2018.01.14"]
[Round "3"]
[White "Kielland-Lund, Jon"]
[Black "Aasen, Oddvar"]
[Result "1/2-1/2"]
[WhiteElo "1463"]
[BlackElo "1147"]
[PlyCount "83"]
[EventDate "2017.11.05"]
[WhiteTeam "Follo 1"]
[BlackTeam "Moss 3"]

1. c4 Nf6 2. Nc3 e5 3. Nf3 Nc6 4. g3 Bb4 5. Bg2 O-O 6. O-O Re8 7. Nd5 Bc5 8. d3
h6 9. Nd2 a6 10. a3 d6 11. b4 Ba7 12. e3 Be6 13. Qc2 Bf5 14. b5 axb5 15. cxb5
Nxd5 16. Bxd5 Ne7 17. Bxb7 Rb8 18. Ba6 Qd7 19. Re1 c6 20. bxc6 Nxc6 21. Bc4
Rec8 22. Qa2 Na5 23. a4 Nxc4 24. dxc4 Be6 25. e4 Bd4 26. Rb1 Qa7 27. Kg2 Rxb1
28. Qxb1 Bxc4 29. Nxc4 Rxc4 30. Be3 Bxe3 31. Rxe3 Rxa4 32. Rb3 Qd7 33. Rb8+ Kh7
34. h3 Rd4 35. Rb3 g6 36. Rb7 Qe6 37. Rc7 d5 38. Qb7 Kg7 39. Re7 Qf6 40. exd5
Rd2 41. Qa7 Rxd5 42. Rd7 1/2-1/2

[Event "Østlandsserien 2017/2018, 3. div. B"]
[Site "Ås, Akershus NOR"]
[Date "2018.01.14"]
[Round "3"]
[White "Kongevold, Hans-Inge"]
[Black "Lund, Petter"]
[Result "1-0"]
[WhiteElo "1932"]
[BlackElo "1493"]
[PlyCount "91"]
[EventDate "2017.11.05"]
[WhiteTeam "Moss 2"]
[BlackTeam "Follo 2"]

1. c4 Nf6 2. Nc3 e5 3. g3 c6 4. Bg2 d5 5. cxd5 Nxd5 6. Nf3 Nxc3 7. bxc3 Bd6 8.
O-O O-O 9. d4 exd4 10. cxd4 Qe7 11. Qc2 f6 12. Nh4 Na6 13. Be4 f5 14. Nxf5 Bxf5
15. Bxf5 g6 16. Bd3 Nc7 17. e4 Ne6 18. Be3 Rac8 19. Rab1 Bb8 20. Bc4 b5 21. Bb3
Kh8 22. Rbc1 Ng5 23. Bxg5 Qxg5 24. Qe2 a5 25. Be6 Rcd8 26. d5 cxd5 27. exd5 Ba7
28. Qb2+ Qf6 29. Qxf6+ Rxf6 30. Rc7 Bd4 31. Kg2 g5 32. f4 gxf4 33. Rxf4 Rxf4
34. gxf4 b4 35. Kf3 Bc3 36. Ra7 Rb8 37. d6 Bf6 38. Ke4 Bd8 39. Kf5 Rb5+ 40. Kg4
h5+ 41. Kf3 Rb6 42. Rd7 Rb8 43. Ke4 a4 44. Kf5 b3 45. Kg6 Be7 46. Rxe7 1-0

[Event "Østlandsserien 2017/2018, 3. div. B"]
[Site "Ås, Akershus NOR"]
[Date "2018.01.14"]
[Round "3"]
[White "Midtgard, Anders"]
[Black "Kristiansen, Rune Harald"]
[Result "1/2-1/2"]
[WhiteElo "1467"]
[BlackElo "1807"]
[PlyCount "147"]
[EventDate "2017.11.05"]
[WhiteTeam "Follo 2"]
[BlackTeam "Moss 2"]

1. d4 d5 2. c4 c6 3. Nc3 Nf6 4. Nf3 dxc4 5. a4 Bf5 6. e3 e6 7. Bxc4 Nbd7 8. O-O
Bd6 9. Qe2 Bc7 10. e4 Bg4 11. h3 Bxf3 12. Qxf3 Nb6 13. Qd3 Nxc4 14. Qxc4 O-O
15. Be3 Rc8 16. Kh1 Bb8 17. Rad1 Qe7 18. Bg5 h6 19. Bh4 g5 20. Bg3 e5 21. Rfe1
Rfd8 22. f3 Nh5 23. Bf2 Kg7 24. dxe5 Bxe5 25. Bxa7 f6 26. Bb6 Rxd1 27. Rxd1 Bb8
28. Qc5 Ng3+ 29. Kg1 Qe6 30. Qd4 Kg6 31. Qd7 Qxd7 32. Rxd7 Be5 33. Kf2 Ra8 34.
a5 Rb8 35. Ba7 Ra8 36. Bb6 Rb8 37. Ke3 f5 38. Ba7 Re8 39. Rxb7 Bxc3 40. bxc3
fxe4 41. fxe4 Nxe4 42. Kd3 Kf5 43. Rh7 Re6 44. Bb6 Rd6+ 45. Kc2 c5 46. Rf7+ Ke6
47. Rh7 Kd5 48. Kb3 Nd2+ 49. Kc2 Nc4 50. Rb7 Nxb6 51. Rxb6 Rxb6 52. axb6 Kc6
53. b7 Kxb7 54. Kd3 Kc6 55. Kc4 h5 56. g3 h4 57. g4 Kd6 58. Kd3 Kd5 59. c4+ Kd6
60. Ke2 Ke5 61. Ke3 Kd6 62. Kd3 Ke5 63. Ke3 Kd6 64. Kf3 Ke5 65. Ke3 Kd6 66. Kd2
Ke5 67. Ke3 Kd6 68. Kf2 Ke5 69. Ke3 Kd6 70. Ke4 Ke6 71. Kd3 Ke5 72. Ke3 Kd6 73.
Ke4 Ke6 74. Ke3 1/2-1/2

[Event "Østlandsserien 2017/2018, 3. div. B"]
[Site "Ås, Akershus NOR"]
[Date "2018.01.14"]
[Round "3"]
[White "Andersen, Jonatan M"]
[Black "Aarsheim, Geir Arne"]
[Result "1/2-1/2"]
[WhiteElo "1725"]
[BlackElo "1303"]
[PlyCount "113"]
[EventDate "2017.11.05"]
[WhiteTeam "Moss 2"]
[BlackTeam "Follo 2"]

1. e4 e5 2. Nf3 d6 3. Bc4 Be7 4. d4 exd4 5. Nxd4 Nf6 6. Nc3 Bd7 7. f3 Nc6 8.
Be3 Ne5 9. Qe2 a6 10. Nf5 Bxf5 11. exf5 Nxc4 12. Qxc4 Nd7 13. Nd5 c6 14. Nxe7
Qxe7 15. Qc3 Nf6 16. O-O-O Nd5 17. Qd2 Nxe3 18. Rhe1 O-O-O 19. Qxe3 Qxe3+ 20.
Rxe3 Kd7 21. Red3 Kc7 22. g4 Rhe8 23. Kd2 Re7 24. Re1 Rde8 25. Rxe7+ Rxe7 26.
h4 h6 27. f4 f6 28. g5 hxg5 29. fxg5 fxg5 30. hxg5 Re5 31. Rf3 Kd7 32. Kd3 b5
33. b3 a5 34. c4 Re1 35. cxb5 cxb5 36. a4 bxa4 37. bxa4 Ra1 38. Rf4 Rg1 39. f6
gxf6 40. gxf6 Rg8 41. Kc4 Kc6 42. f7 Rf8 43. Rf1 Kd7 44. Kb5 Ke7 45. Kxa5 Rxf7
46. Rxf7+ Kxf7 47. Kb6 d5 48. Kc5 Ke6 49. a5 d4 50. Kxd4 Kd6 51. Kc4 Kc6 52.
Kb4 Kb7 53. Kb5 Ka7 54. a6 Ka8 55. Kb6 Kb8 56. a7+ Ka8 57. Ka6 1/2-1/2

[Event "Østlandsserien 2017/2018, 3. div. B"]
[Site "Ås, Akershus NOR"]
[Date "2018.01.14"]
[Round "3"]
[White "Simonsen, Steinar"]
[Black "Johansen, Arnstein"]
[Result "1/2-1/2"]
[WhiteElo "1166"]
[BlackElo "1531"]
[PlyCount "105"]
[EventDate "2017.11.05"]
[WhiteTeam "Follo 2"]
[BlackTeam "Moss 2"]

1. e4 c5 2. Nf3 Nc6 3. Nc3 g6 4. d4 cxd4 5. Nxd4 Bg7 6. Be3 a6 7. Be2 Nf6 8.
Nxc6 bxc6 9. O-O Rb8 10. Rb1 Qa5 11. Bd2 Qc7 12. g3 O-O 13. Re1 d6 14. Bd3 e5
15. Qe2 a5 16. f3 Re8 17. Qf2 Bd7 18. f4 exf4 19. Bxf4 Ng4 20. Qg2 Qb6+ 21. Kf1
Be5 22. h3 Bxf4 23. hxg4 Be5 24. Qf3 Qd8 25. Bc4 Qe7 26. Re2 Be6 27. Bxe6 Qxe6
28. b3 Rb7 29. Kg2 Rbe7 30. Nd1 {Med remistilbud} Bf6 31. Nf2 Bg7 32. Rbe1 Qe5
33. Nd3 Qd4 34. Nf2 a4 35. Rd1 Qb4 36. bxa4 Qxa4 37. Rxd6 Be5 38. Rdd2 Qxa2 39.
Nd3 Bc3 40. Nc1 Qc4 41. Rd3 Bg7 42. Rde3 Bh6 43. Rc3 Qa4 44. Nd3 Bg7 45. e5
Bxe5 46. Rxe5 Rxe5 47. Nxe5 Rxe5 48. Rxc6 Qd4 49. Rc8+ Kg7 50. Rc7 Qd2+ 51. Kh3
Qh6+ 52. Kg2 Qd2+ 53. Kh3 1/2-1/2

[Event "Østlandsserien 2017/2018, 4. div. A"]
[Site "Ås, Akershus NOR"]
[Date "2018.01.14"]
[Round "3"]
[White "Kittilsen, Sigurd"]
[Black "Olsen, Trygve"]
[Result "1-0"]
[WhiteElo "1735"]
[BlackElo "1239"]
[PlyCount "45"]
[EventDate "2017.11.05"]
[WhiteTeam "Akademisk 2"]
[BlackTeam "Follo 3"]

1. e4 c5 2. Nf3 Nc6 3. d4 cxd4 4. Nxd4 g6 5. Nc3 a6 6. Be3 Bg7 7. Bc4 Nxd4 8.
Bxd4 e5 9. Bc5 b6 10. Qd5 Nh6 11. Qxa8 bxc5 12. Bxa6 O-O 13. Bxc8 Qg5 14. h4
Qxg2 15. O-O-O Qf3 16. Qa6 Ng4 17. Bxd7 Bh6+ 18. Kb1 Nxf2 19. Rhf1 Qg3 20. Rde1
Qxh4 21. Qe2 Rd8 22. Qxf2 Rxd7 23. Qxh4 1-0